Asset and liability management of commercial banking firms in the process of monetary and financial policy making in Nigeria (Record no. 4388)

000 -LEADER
fixed length control field 00434pab a2200133 454500
008 - FIXED-LENGTH DATA ELEMENTS--GENERAL INFORMATION
fixed length control field 180718b1988 xxu||||| |||| 00| 0 eng d
100 ## - MAIN ENTRY--PERSONAL NAME
Personal name Fakiyesl, Tayo
245 ## - TITLE STATEMENT
Title Asset and liability management of commercial banking firms in the process of monetary and financial policy making in Nigeria
260 ## - PUBLICATION, DISTRIBUTION, ETC.
Date of publication, distribution, etc. 1988
300 ## - PHYSICAL DESCRIPTION
Extent 105-24
650 ## - SUBJECT ADDED ENTRY--TOPICAL TERM
Topical term or geographic name entry element Banks - Nigeria
773 ## - HOST ITEM ENTRY
Main entry heading African Review of Money Finance and Banking
909 ## -
-- 4388
Holdings
Withdrawn status Lost status Damaged status Not for loan Permanent Location Current Location Date acquired Serial Enumeration / chronology Barcode Date last seen Price effective from Koha item type
        Indian Institute of Public Administration Indian Institute of Public Administration 2018-07-19 Issue no: 1 AR4391 2018-07-19 2018-07-19 Articles

Powered by Koha